000 01214nam0a22002891 4500
001 rc\4400574
005 20130416151051.5
021 _aRU
_bРг3543-58
035 _a(NLR Aleph) 008298208
090 _a8619169
_c8619169
100 _a20130416d1958 |||y0rusy50 ca
101 0 _arus
102 _aRU
105 _ay ac |||||
200 1 _aПрямое получение железа из руд
_eБиблиографический указатель
_fЦентр. науч.-техн. б-ка Черной металлургии. Отд. библиографии
210 _aМосква
_cБ. и.
_d1958
215 _a[2], 91 с.
_d29
300 _aЛитогр. изд.
300 _aВ предисл. сост.: библиограф М.М. Дижур
300 _aТекст на одной стороне листа
700 1 _aДижур
_bМ. М.
_f1897-
_gМаргарита Михайловна
712 0 2 _aЦентральная науч.-техн. б-ка черной металлургии
_cМосква
_bОтдел библиографии
_3RU\NLR\AUTH\889965644
801 0 _aRU
_bNLR
_gpsbo
801 1 _aRU
_bELAR
_2rusmarc
852 _aNLR
_jС337-410/Д44
942 _cBOOK
980 _aNB